[Event "VIE-ch"]
[Site "Ho Chi Minh City"]
[Date "2021.03.26"]
[Round "4"]
[White "Nguyen, Nam Kiet"]
[Black "Duong, Thuong Cong"]
[Result "1/2-1/2"]
[WhiteElo "1476"]
[BlackElo "1980"]
[PlyCount "103"]
[EventDate "2021.03.24"]
[EventType "swiss"]
[EventRounds "9"]
[EventCountry "VIE"]
[SourceTitle "EXT 2022"]
[Source "ChessBase"]
[SourceDate "2021.10.06"]
[SourceVersion "1"]
[SourceVersionDate "2021.10.06"]
[SourceQuality "1"]

1. e4 c5 2. Nf3 Nc6 3. Nc3 e6 4. d4 cxd4 5. Nxd4 Nf6 6. Be3 Bb4 7. Bd3 d5 8. exd5 exd5 9. 0-0 0-0 10. h3 Ne5 11. Nf3 Nxd3 12. Qxd3 Be6 13. Bd4 Bxc3 14. Bxc3 Ne4 15. Bd4 b6 16. c3 Rc8 17. Qe3 h6 18. Nd2 Nd6 19. Qf4 Nf5 20. Nf3 Rc6 21. Rfe1 Bc8 22. Ne5 Rf6 23. Ng4 Re6 24. g3 Nxd4 25. Qxd4 f5 26. Rxe6 Bxe6 27. Qe3 Qc8 28. Re1 fxg4 29. Qxe6+ Qxe6 30. Rxe6 gxh3 31. f4 Kf7 32. Re2 g5 33. fxg5 hxg5 34. g4 Kg6 35. Kh2 Rf3 36. Rd2 Kf6 37. Rxd5 Rf2+ 38. Kxh3 Rxb2 39. a4 Rb3 40. Kg2 Rxc3 41. Rd7 Ke5 42. Rxa7 Kf4 43. a5 b5 44. Rb7 Rb3 45. a6 Kxg4 46. a7 Rb2+ 47. Kf1 Ra2 48. Rxb5 Rxa7 49. Rb4+ Kg3 50. Rb3+ Kh4 51. Rb2 Ra3 52. Kg2 1/2-1/2